| 000 | 02625nam0a2200373 4500 | ||
|---|---|---|---|
| 001 | RU\NLR\BIBL_A\022001777 | ||
| 005 | 20230913195937.0 | ||
| 010 |
_a978-5-503-00471-7 _980 |
||
| 021 |
_aRU _bКН-П-23-043208 _9КН-П-23-4318 |
||
| 035 | _a(NLR Aleph) 022001777 | ||
| 035 | _a(RuMoRGB)011906904 | ||
| 090 |
_a12456747 _c12456747 |
||
| 100 | _a20230809d2023 k y0rusy50 ca | ||
| 101 | 0 | _arus | |
| 102 | _aRU | ||
| 105 | _aa z 100zy | ||
| 181 | 0 |
_ai3 _baxxe |
|
| 182 | 1 | _an | |
| 200 | 1 |
_aДошкольное образование в контексте реализации ФГОС _eматериалы X заочной Всероссийской научно-практической конференции, Челябинск, 25 мая 2023 года _fМинистерство образования и науки Челябинской области, Государственное бюджетное учреждение дополнительного профессионального образования "Челябинский институт переподготовки и повышения квалификации работников образования" _gпод редакцией Г. В. Яковлевой |
|
| 203 |
_aТекст _bвизуальный _cнепосредственный |
||
| 210 |
_aЧелябинск _cЧИППКРО _d2023 |
||
| 215 |
_a159 с. _cтабл. _d21 |
||
| 320 | _aБиблиогр. в конце ст. | ||
| 606 | 1 |
_aДошкольное образование _jСъезды, совещания и т.п _xОбразовательные стандарты _xВнедрение _yРоссийская Федерация _92177295 _3RU\NLR\AUTH\6601545394 |
|
| 675 |
_a373.2(082) _v4 |
||
| 686 | 1 | _aЧ411.311я431 | |
| 702 | 1 |
_4340 _7ca _8rus _aЯковлева _bГ. В. _cканд. пед. наук _f1957- _gГалина Владимировна _924929 _3RU\NLR\AUTH\7741981 |
|
| 711 | 1 | 2 |
_a"Дошкольное образование в контексте реализации ФГОС", заочная всероссийская научно-практическая конференция _d10 _eЧелябинск _f2023 _9856989 _3RU\NLR\AUTH\880595829 |
| 712 | 0 | 2 |
_4475 _aЧелябинский институт переподготовки и повышения квалификации работников образования _9690730 _3RU\NLR\AUTH\8810094786 |
| 942 | _cBOOK | ||
| 980 | _aNB | ||